Computer simulation of compression-ignition engine processes (Record no. 175210)

MARC details
000 -LEADER
fixed length control field 00441nam a2200145Ia 4500
008 - FIXED-LENGTH DATA ELEMENTS--GENERAL INFORMATION
fixed length control field 231217s9999 xx 000 0 und d
041 ## - LANGUAGE CODE
Language code of text/sound track or separate title English
082 ## - DEWEY DECIMAL CLASSIFICATION NUMBER
Classification number 621.434 GAN;1 R
100 ## - MAIN ENTRY--PERSONAL NAME
Personal name Ganesan, V
245 #0 - TITLE STATEMENT
Title Computer simulation of compression-ignition engine processes
260 ## - PUBLICATION, DISTRIBUTION, ETC.
Date of publication, distribution, etc. 2000
Name of publisher, distributor, etc. University Press,
Place of publication, distribution, etc. Hyderabad
300 ## - PHYSICAL DESCRIPTION
Extent xvii+202
650 ## - SUBJECT ADDED ENTRY--TOPICAL TERM
Topical term or geographic name entry element Computer,simulation,compression-ignition,engine,processes
942 ## - ADDED ENTRY ELEMENTS (KOHA)
Koha item type Books
Holdings
Date last seen Total checkouts Full call number Accession number Cost, total (INR) price Price effective from Category Lost status Damaged status Department Withdrawn status Home library Current library Shelving location Entry date Vendor Cost, normal purchase price Grants Billnumber Billdate Currency symbol Conversion rate Discount Old discount
26/01/2024   621.434 GAN;1 R 35201 220.00 04/06/2005 Books     Central Library   Central Library Central Library Central Library 04/06/2005 Ell Enn books 275.00 ME 36 28/07/2003 RS 1 55 20
26/01/2024   621.434 GAN;2 R1 35202 220.00 04/06/2005 Books     F-Block Annex   Central Library Central Library F-Block Library Annex 04/06/2005 Ell Enn books 275.00 ME 36 28/07/2003 RS 1 55 20
26/01/2024   621.434 GAN;3 35203 220.00 04/06/2005 Books     Central Library   Central Library Central Library Central Library 04/06/2005 Ell Enn books 275.00 ME 36 28/07/2003 RS 1 55 20
26/01/2024   621.434 GAN;4 35204 220.00 04/06/2005 Books     Central Library   Central Library Central Library Central Library 04/06/2005 Ell Enn books 275.00 ME 36 28/07/2003 RS 1 55 20
26/01/2024   621.434 GAN;5 35205 220.00 04/06/2005 Books     Central Library   Central Library Central Library Central Library 04/06/2005 Ell Enn books 275.00 ME 36 28/07/2003 RS 1 55 20

© For any Suggestions or Query, please contact the library staff @ librarian@pes.edu or Phone: +9180 2672 1983/ 2108.